Katakomby veselohra o 4 dejstvách : napísal G. Davis : [premiéra 23.12.1923] : [Slovenské národné divadlo v Bratislave]

Bibliographic Details
Corporate Author: Slovenské národné divadlo. Činohra (Author)
Format: Book
Language:Slovak
PhysicalDescription:1 list (1 strana) 21 cm
Published: [Bratislava Slovenské národné divadlo 1923]
Subjects:

MARC

LEADER 00000cam a2200000 a 4500
001 vtls011858013
003 SK-MaSNL
005 20260425224027.0
008 200612s1923 xo gr 000|0 slo
035 |a BU3873000000105249 
035 |a urn:nbn:sk:snk-am3he4j 
035 |a C5419172-40E5-448F-A884-D18B033BAB8B 
035 |a urn:nbn:sk:snk-am00crow 
040 |a SNK  |b slo  |c SNK  |e AACR2 
041 0 |a slo 
044 |a xo  |c SK 
072 7 |a 792  |x Divadlo. Divadelné predstavenia  |2 konspekt 
080 |a (083.97)  |2 2011 
080 |a 792.2  |2 2011 
110 2 |a Slovenské národné divadlo.  |b Činohra  |4 aut  |9 32459 
245 1 0 |a Katakomby  |b veselohra o 4 dejstvách : napísal G. Davis : [premiéra 23.12.1923] : [Slovenské národné divadlo v Bratislave] 
260 |a [Bratislava  |b Slovenské národné divadlo  |c 1923] 
300 |a 1 list (1 strana)  |c 21 cm 
500 |a Obsahuje rukou dopísaný dátum repríz 
600 1 7 |a Davis, Gustav,  |d 1856-1951  |t Katakomby  |2 SNK  |9 357445 
610 2 7 |a Slovenské národné divadlo.  |b Činohra  |2 SNKKA  |9 32459 
648 7 |a 23.12.1923  |2 SNKPH  |9 357446 
648 7 |a 1923-1924  |2 SNKPH  |9 357394 
650 0 7 |a činohry  |2 SNKPH  |9 3325 
650 0 7 |a divadelné premiéry  |2 SNKPH  |9 29572 
651 7 |a Bratislava (Slovensko)  |2 SNKPHgeo  |9 14568 
655 7 |a bulletiny  |2 SNKPH  |9 70453 
655 7 |a divadelné programy  |2 SNKPH  |9 70302 
999 |c 602147  |d 604077 
952 |a SNK  |b SNK  |y NEVYP  |7 0  |p 3873B0000178  |o BU 1690 PP  |0 0  |1 0  |4 0  |d 2019-03-26  |f 1  |l 0  |r 2019-03-26 00:00:00  |w 2026-02-23